A helyi fogászati iparág elemzése és családi vállalkozásunk kapcsolata

Bibliográfiai részletek
Szerző: Horváth Zsombor
További közreműködők: Radácsi Dr. László
Dokumentumtípus: Záródolgozat
Kulcsszavak:Családi vállalkozás
Porter féle öt erő modell
Fogászati iparág
Online Access:http://dolgozattar.uni-bge.hu/16918

MARC

LEADER 00000nta a2200000 i 4500
001 dolg16918
005 20180516083729.0
008 180516suuuu hu o 000 hun d
040 |a BGE Dolgozattár Repozitórium  |b hun 
041 |a hu 
100 1 |a Horváth Zsombor 
245 1 2 |a A helyi fogászati iparág elemzése és családi vállalkozásunk kapcsolata  |c Horváth Zsombor  |h [elektronikus dokumentum] 
516 |a Final_paper 
695 |a Családi vállalkozás 
695 |a Porter féle öt erő modell 
695 |a Fogászati iparág 
700 1 |a Radácsi Dr. László  |e ths 
856 4 0 |u http://dolgozattar.uni-bge.hu/16918/1/szakdolgozat_HZS_05_07.pdf  |z Dokumentum-elérés 
856 4 0 |u http://dolgozattar.uni-bge.hu/16918/2/hallgatoi_nyil_hzs.pdf  |z Dokumentum-elérés